000 00422nam a2200157Ia 4500
008 210716s2008 xx 000 0 und d
020 _a9788131505915
041 _aeng
082 _a003.55 AKSP
100 _aAksoy, Pelin; Denardis, Laura.
245 _aIntroduction to information technology.
250 _a1
260 _aNew Delhi
_bCengage Learning
_c2008
300 _a410
650 _aInformation Theory(003.54)
999 _c189773
_d189773